| 000 | 00368nam a2200145Ia 4500 | ||
|---|---|---|---|
| 008 | 230917s9999||||xx |||||||||||||| ||und|| | ||
| 040 |
_e110239 _aMAIN |
||
| 041 | _aEnglish | ||
| 082 | _a005.133 O2A | ||
| 100 | _aOtey, Michael | ||
| 245 | 0 | _aADO. Net: The complete reference | |
| 260 |
_aNew Delhi _bTata McGraw-Hill _c2003 |
||
| 300 | _axvii, 947 p. | ||
| 942 | _cBK | ||
| 999 |
_c130399 _d130399 |
||